Klasyfikacja krajów w złotej piłce - Statystyki

Ogólne statystyki
  • Ten quiz został rozwiązany 131 razy
  • Średni wynik to 14 z 19
Statystyki odpowiedzi
Liczba złotych piłek Kraj % Poprawnych
8 Argentyna
99%
7 Portugalia
96%
7 Francja
95%
3 Hiszpania
95%
5 Brazylia
94%
7 Niemcy
93%
5 Włochy
90%
7 Holandia
85%
6 Anglia
84%
1 Chorwacja
78%
2 Czechy | Czechosłowacja
76%
1 Ukraina
66%
1 Węgry
58%
3 ZSRR
52%
1 Dania
51%
1 Bułgaria
50%
1 Szkocja
44%
1 Liberia
36%
1 Irlandia Północna
33%
Nie znaleziono quizów pasujących do podanych kryteriów
Rozkład punktacji
Procent ludzi z każdym wynikiem
Percentyl według liczby udzielonych odpowiedzi
Twoja historia wyników
Nie rozwiązałeś tego quizu